Transforming Urban Transport: The Ethics, Politics and Practices of Sustainable Mobility / (Record no. 616434)

000 -LEADER
fixed length control field 00420nam a22001337a 4500
020 ## - INTERNATIONAL STANDARD BOOK NUMBER
Qualifying information HB.
040 ## - CATALOGING SOURCE
Transcribing agency FIZZA ISHAQ
082 ## - DEWEY DECIMAL CLASSIFICATION NUMBER
Classification number 388.40286
Author Mark LOW
100 ## - MAIN ENTRY--PERSONAL NAME
Personal name Low, Nicholas.
9 (RLIN) 85150
245 ## - TITLE STATEMENT
Title Transforming Urban Transport: The Ethics, Politics and Practices of Sustainable Mobility /
Statement of responsibility, etc. Nicholas Low.
260 ## - PUBLICATION, DISTRIBUTION, ETC.
Place of publication, distribution, etc. NEW YORK:
Name of publisher, distributor, etc. ‎ Routledge,
Date of publication, distribution, etc. 2013.
300 ## - PHYSICAL DESCRIPTION
Extent 268 p. ;
Dimensions 6.25 x 1 x 9.25 inches
942 ## - ADDED ENTRY ELEMENTS (KOHA)
Source of classification or shelving scheme
Koha item type Book
Holdings
Withdrawn status Lost status Source of classification or shelving scheme Damaged status Not for loan Permanent Location Current Location Shelving location Date acquired Total Checkouts Full call number Barcode Date last seen Price effective from Koha item type
          NUST Baluchistan Campus (NBC) NUST Baluchistan Campus (NBC) General Stacks 02/26/2026   388.40286 LOW Q-2086 02/26/2026 02/26/2026 Book
© 2023 Central Library, National University of Sciences and Technology. All Rights Reserved.